Các yếu tố ảnh hưởng đến thu nhập của hộ gia đình khu vực nông thôn tỉnh Hậu Giang : Luận văn tốt nghiệp Cao học. Chuyên ngành Kinh tế học

Phân tích các yếu tố ảnh hưởng đến thu nhập của hộ gia đình ở khu vực nông thôn tỉnh Hậu Giang; từ đó, đề xuất giải pháp để nâng cao thu nhập của hộ gia đình khu vực nông thôn tỉnh Hậu Giang....

Cijeli opis

Spremljeno u:
Bibliografski detalji
Glavni autor: Cam, Cẩm Châu
Format: Knjiga
Jezik:Undetermined
Izdano: Cần Thơ Trường Đại Học Cần Thơ 2019
Teme:
Oznake: Dodaj oznaku
Bez oznaka, Budi prvi tko označuje ovaj zapis!
Thư viện lưu trữ: Trung tâm Học liệu Trường Đại học Cần Thơ
LEADER 01160nam a2200217Ia 4500
001 CTU_231438
008 210402s9999 xx 000 0 und d
082 |a 338.14 
082 |b Ch125 
088 |a 8310101 
100 |a Cam, Cẩm Châu 
245 0 |a Các yếu tố ảnh hưởng đến thu nhập của hộ gia đình khu vực nông thôn tỉnh Hậu Giang : 
245 0 |b Luận văn tốt nghiệp Cao học. Chuyên ngành Kinh tế học 
245 0 |c Cam Cẩm Châu ; Võ Văn Dứt (Cán bộ hướng dẫn) 
260 |a Cần Thơ 
260 |b Trường Đại Học Cần Thơ 
260 |c 2019 
520 |a Phân tích các yếu tố ảnh hưởng đến thu nhập của hộ gia đình ở khu vực nông thôn tỉnh Hậu Giang; từ đó, đề xuất giải pháp để nâng cao thu nhập của hộ gia đình khu vực nông thôn tỉnh Hậu Giang. 
650 |a Nông nghiệp,Agriculture 
650 |x Khía cạnh kinh tế,Economic aspects 
980 |a Trung tâm Học liệu Trường Đại học Cần Thơ